000 01531nam a2200373 i 4500
003 DO-SdBNP
005 20240430154559.0
007 ta
008 240430b2019 dr b|||| |||| 00| 0 spa d
020 _a9789945177640 (v.1)
020 _a9789945177701 (v.2)
040 _aDO-SdBNP
_bspa
_cBNPHU
_erda
082 4 _222
245 0 0 _aCiencias de la Naturaleza 6 :
_bdel proyecto editorial de educación primaria /
_ccolaboración, Isabel Pueyo, Monserrat González, Alicia Soria, Juan Hidalgo, Vicente Moratalla ; edición, Enmanuel Francisco Alcántara ; corrección, Josir Roques Paulino ; ilustraciones, Gabriel Núñez, Lydia Pérez, Wi-Hen Fung.
264 4 _aSanto Domingo :
_bS M,
_c2019.
300 _avolumenes :
_bIlustraciones ;
_c27 cm.
336 _2rdacontent
_atexto
_btxt
337 _2rdamedia
_asin mediación
_bn
338 _2rdacarrier
_avolumen
_bnc
490 _aSavia
590 _aInventariado 2024/BT
700 1 _aPueyo, Isabel,
_ecolaboración
_985304
700 1 _aGonzález, Monserrat,
_ecolaboración
_985305
700 1 _aSoria, Alicia,
_ecolaboración
_985306
700 1 _aHidalgo, Juan,
_ecolaboración
_985307
700 1 _aMoratalla, Vicente,
_ecolaboración
_985308
700 1 _aAlcántara, Enmanuel Francisco,
_eedición
_985309
700 1 _aPaulino, Josie Roques,
_ecorrección
_973248
700 1 _aNúñez, Gabriel,
_eilustraciones
_96598
700 1 _aPérez, Lydia,
_eilustraciones
_985341
700 1 _aFung, Wi-Hen,
_eilustraciones
_973248
910 _aBTavárez
942 _2ddc
_cLBS1
999 _c56551
_d56551